00345nam a22001097a 4500008004100000020001800041082001400059245003600073260007800109300002500187700002300212210513b ||||| |||| 00| 0 eng d a9789579414791 a294.3 SHA aDhammapada Vagga 11-20bVol. II aTaiwan ;bThe Corporate body of the Buddha educational Foundation,c2019. a335 p.bill,c24 cm. aSharan, Hrishikesh